Ratio Juris

Detalles Bibliográficos
Formato: eBook
Lenguaje:inglés
Publicado: Hoboken: Wiley, 1988 -
Materias:
Acceso en línea:Acceso restringido

MARC

LEADER 00000nam a22000007a 4500
005 20210413231454.0
007 cr|||| ||||
008 210413c19889999ea ar|w s|||| 0|||b1eng d
022 |a 0952-1917 
035 |a 32923 
040 |a vLex 
090 |c 11445  |d 11445 
245 0 0 |a Ratio Juris  |h [Recurso electrn̤ico] / 
256 |a Servicio en ln̕ea 
260 |a Hoboken:  |b Wiley,  |c 1988 - 
300 |a 1 recurso electrn̤ico 
310 |a Anual 
362 |a Nð 1-1 (Mar. 1988) - 
506 1 |a Disponible solo en los productos indicados  |d vLex Global  |d vLex Global (Academic Edition, excluding Law Schools)  |d vLex Global (U.S. Academic Edition, Law Schools)  |d vLex Global (U.S. Academic Edition, excluding Law Schools)  |d vLex Global (Academic Edition, Law Schools) 
650 0 4 |a Ciencias sociales  |z Estados Unidos 
650 0 4 |a Derecho Constitucional  |z Estados Unidos 
740 0 |a vLex Revistas (Servicio en ln̕ea) 
856 4 0 |u https://vlex.com/source/32923  |z Acceso restringido 
942 |c REV 
999 0 |a Social Sciences 
999 0 |a Constitutional Law